000 00330nam a2200133Ia 4500
005 20260328104254.0
008 260328s9999||||xx |||||||||||||| ||und||
100 _aJodidio, Philip
245 0 _aArchitecture in China /
_cPhilip Jodidio
260 _bTaschen
300 _a192 p.
650 _aARQUITECTURA REGIONAL
942 _cBK
999 _c10345
_d10345